00681nam a22002171 450000100060000000300080000600500170001400800390003103500190007003500190008904000310010804100080013908200200014710000330016724500610020026000570026130000280031850400640034650400200041065000330043033455BD-RjUL20211209052017.0140508t19581944n 001 0 eng a(BD-RjUL)33546 a(OCoLC)1102566 aDLCcOUdDLCdBD-RjULbeng aeng a301.8bKAM 19581 aKaufmann, Felix,d1895-1949.00aMethodology of the social sciences /cby Felix Kaufmann. aLondon ;aNew York :bOxford University Press,c1958 aviii, 272 p. :c22 cm. aBibliographical references included in "Notes" (p. 245-263) aIncludes index. 0aSocial sciencesxMethodology